Elements of mercantile law (Record no. 158974)
[ view plain ]
| 000 -LEADER | |
|---|---|
| fixed length control field | 00589nam a2200241Ia 4500 |
| 003 - CONTROL NUMBER IDENTIFIER | |
| control field | OSt |
| 005 - DATE AND TIME OF LATEST TRANSACTION | |
| control field | 20230503151014.0 |
| 008 - FIXED-LENGTH DATA ELEMENTS--GENERAL INFORMATION | |
| fixed length control field | 210423s2010 xx 000 0 und d |
| 020 ## - INTERNATIONAL STANDARD BOOK NUMBER | |
| International Standard Book Number | 8180545979 |
| 040 ## - CATALOGING SOURCE | |
| Transcribing agency | AL |
| 041 ## - LANGUAGE CODE | |
| Language code of text/sound track or separate title | eng |
| 082 ## - DEWEY DECIMAL CLASSIFICATION NUMBER | |
| Classification number | 346.07 KAPN |
| Edition number | 23 |
| 100 ## - MAIN ENTRY--PERSONAL NAME | |
| Personal name | KAPOOR (N D) |
| 9 (RLIN) | 84444 |
| 245 ## - TITLE STATEMENT | |
| Title | Elements of mercantile law |
| 250 ## - EDITION STATEMENT | |
| Edition statement | 31 |
| 260 ## - PUBLICATION, DISTRIBUTION, ETC. | |
| Place of publication, distribution, etc. | New Delhi |
| Name of publisher, distributor, etc. | Sultan Chand & Sons |
| Date of publication, distribution, etc. | 2010 |
| 300 ## - PHYSICAL DESCRIPTION | |
| Extent | ix,328 |
| Other physical details | PB |
| 365 ## - TRADE PRICE | |
| Price amount | 365 |
| Currency code | INR |
| 650 ## - SUBJECT ADDED ENTRY--TOPICAL TERM | |
| Topical term or geographic name entry element | Commercial Law |
| 9 (RLIN) | 84445 |
| 650 ## - SUBJECT ADDED ENTRY--TOPICAL TERM | |
| Topical term or geographic name entry element | Law |
| 9 (RLIN) | 84446 |
| 906 ## - LOCAL DATA ELEMENT F, LDF (RLIN) | |
| a | Elements ; law ; mercantile |
| 942 ## - ADDED ENTRY ELEMENTS (KOHA) | |
| Source of classification or shelving scheme | Dewey Decimal Classification |
| Koha item type | Book |
| Withdrawn status | Lost status | Damaged status | Not for loan | Collection code | Home library | Current library | Date acquired | Source of acquisition | Cost, normal purchase price | Total Checkouts | Full call number | Barcode | Date last seen | Price effective from | Koha item type |
|---|---|---|---|---|---|---|---|---|---|---|---|---|---|---|---|
| M Com | St Aloysius PG Library | St Aloysius PG Library | 09/15/2010 | Higginbothams Pvt Ltd | 365.00 | 346.07 KAPN | PG005451 | 08/24/2022 | 04/26/2021 | Book | |||||
| M Com | St Aloysius PG Library | St Aloysius PG Library | 09/15/2010 | Higginbothams Pvt Ltd | 365.00 | 346.07 KAPN | PG005452 | 08/24/2022 | 04/26/2021 | Book | |||||
| M Com | St Aloysius PG Library | St Aloysius PG Library | 09/28/2011 | Athulya Books | 380.00 | 346.07 KAPN | PG006553 | 08/24/2022 | 04/26/2021 | Book |